| 000 | 00483nam a2200157Ia 4500 | ||
|---|---|---|---|
| 008 | 170221s9999 xx 000 0 und d | ||
| 100 | _aNAjib Slimani | ||
| 245 | _aMaking Sense of Aljazeera’s Televised News: A Schema Theory Perspective | ||
| 245 | _cNAjib Slimani | ||
| 260 | _bStudies in Media and Communication | ||
| 260 | _c2016 | ||
| 300 | _a4 : 1 | ||
| 650 | _xCommunication | ||
| 650 | _xMedia Arts | ||
| 856 | _uhttp://redfame.com/journal/index.php/smc/issue/view/58 | ||
| 999 |
_c306836 _d306836 |
||